[Event "Aeroflot Open 2015"]
[Site "Moscú RUS"]
[Date "2015.04.01"]
[Round "6.32"]
[White "Can, Emre"]
[Black "Tabatabaei, M.Amin"]
[Result "0-1"]
[WhiteElo "2555"]
[BlackElo "2448"]
[PlyCount "76"]
[EventDate "2015.03.27"]
[EventType "swiss"]
[EventRounds "9"]
[EventCountry "RUS"]
[Source "lmi"]
[SourceDate "2015.03.27"]

1. Nf3 Nf6 2. c4 e6 3. g3 a6 4. Bg2 b5 5. b3 Bb7 6. O-O c5 7. Nc3 Qb6 8. e3 Be7
9. Bb2 d5 10. d4 dxc4 11. bxc4 Nbd7 12. d5 exd5 13. cxd5 O-O 14. e4 Bd6 15. Nh4
Rfe8 16. f4 c4+ 17. Kh1 b4 18. Na4 Qa5 19. e5 c3 20. exf6 cxb2 21. Nxb2 Nxf6
22. Nc4 Qc5 23. Rc1 Bxd5 24. Bxd5 Nxd5 25. Nf5 Bf8 26. Qg4 Re6 27. Rfe1 Nc3 28.
Qf3 Rxe1+ 29. Rxe1 Rd8 30. Ne5 g6 31. Ne3 Bg7 32. N3c4 Nxa2 33. Ra1 Nc3 34. Ra5
Qd4 35. Rxa6 Bxe5 36. Nxe5 b3 37. Qb7 Qd1+ 38. Kg2 Qe2+ 0-1

[Event "Aeroflot Open 2015"]
[Site "Moscú RUS"]
[Date "2015.04.01"]
[Round "6.33"]
[White "Abdumalik, Zhansaya"]
[Black "Predke, Alexandr"]
[Result "1/2-1/2"]
[WhiteElo "2379"]
[BlackElo "2530"]
[PlyCount "55"]
[EventDate "2015.03.27"]
[EventType "swiss"]
[EventRounds "9"]
[EventCountry "RUS"]
[Source "lmi"]
[SourceDate "2015.03.27"]

1. e4 c5 2. Nf3 d6 3. d4 cxd4 4. Nxd4 Nf6 5. Nc3 e6 6. Be3 Be7 7. Bd3 O-O 8.
O-O Nc6 9. f4 Nxd4 10. Bxd4 e5 11. Bf2 exf4 12. Bd4 g5 13. h4 Ng4 14. hxg5 Bxg5
15. Nd5 Be6 16. Nxf4 Bxf4 17. Rxf4 Qh4 18. Qf3 Qh2+ 19. Kf1 Ne5 20. Qf2 Qh1+
21. Qg1 Qh6 22. Qf2 Qh1+ 23. Qg1 Qh6 24. Qf2 Qh1+ 25. Qg1 Qh6 26. Qf2 Qh1+ 27.
Qg1 Qh6 28. Qf2 1/2-1/2

[Event "Aeroflot Open 2015"]
[Site "Moscú RUS"]
[Date "2015.04.01"]
[Round "6.34"]
[White "Tregubov, Pavel V"]
[Black "Tran, Tuan Minh"]
[Result "0-1"]
[WhiteElo "2617"]
[BlackElo "2455"]
[PlyCount "112"]
[EventDate "2015.03.27"]
[EventType "swiss"]
[EventRounds "9"]
[EventCountry "RUS"]
[Source "lmi"]
[SourceDate "2015.03.27"]

1. d4 Nf6 2. c4 e6 3. Nc3 Bb4 4. e3 O-O 5. Bd3 d5 6. Nf3 c5 7. O-O cxd4 8. exd4
dxc4 9. Bxc4 Nbd7 10. Bg5 h6 11. Bh4 Bxc3 12. bxc3 Qa5 13. Qb3 b6 14. Be2 Nd5
15. Rfc1 Nf4 16. Bf1 Bb7 17. Bg3 Qf5 18. Qb5 Nh3+ 19. Kh1 Qxb5 20. Bxb5 Nf6 21.
Ne5 Ne4 22. f3 Nxg3+ 23. hxg3 Ng5 24. c4 f6 25. Nc6 Bxc6 26. Bxc6 Rad8 27. d5
Rd6 28. a4 Nf7 29. a5 Ne5 30. Bb7 Rb8 31. axb6 axb6 32. Ba6 exd5 33. cxd5 b5
34. Bc8 b4 35. Be6+ Kh8 36. Rab1 b3 37. f4 Ng6 38. Rc6 Rdd8 39. d6 b2 40. f5
Ne5 41. Ra6 h5 42. Kg1 Kh7 43. Kf2 Kh6 44. Ke3 Rb4 45. d7 Rb7 46. Kf2 Rc7 47.
Rb6 Rc2+ 48. Ke3 Rxg2 49. Rb7 Rxg3+ 50. Ke4 Rg2 51. Rc7 Re2+ 52. Kf4 g5+ 53.
fxg6 Nxg6+ 54. Kf5 Re5+ 55. Kxf6 Rf8+ 56. Bf7 Re7 0-1

[Event "Aeroflot Open 2015"]
[Site "Moscú RUS"]
[Date "2015.04.01"]
[Round "6.35"]
[White "Korobkov, Piotr"]
[Black "Kuderinov, Kirill"]
[Result "0-1"]
[WhiteElo "2423"]
[BlackElo "2465"]
[PlyCount "90"]
[EventDate "2015.03.27"]
[EventType "swiss"]
[EventRounds "9"]
[EventCountry "RUS"]
[Source "lmi"]
[SourceDate "2015.03.27"]

1. d4 Nf6 2. Bg5 Ne4 3. Bf4 c5 4. f3 Nf6 5. dxc5 Qa5+ 6. Nc3 Qxc5 7. e4 d6 8.
Qd2 a6 9. O-O-O Nbd7 10. g4 h6 11. h4 b5 12. Kb1 Bb7 13. Nh3 b4 14. Na4 Qa5 15.
b3 Nc5 16. Nxc5 Qxc5 17. Bc4 Nd7 18. Be3 Qa5 19. Bd5 Qb5 20. c4 bxc3 21. Qxc3
Rc8 22. Qd3 Qxd3+ 23. Rxd3 Bxd5 24. Rxd5 Ne5 25. Rc1 Kd7 26. Ra5 Ra8 27. Bb6
Nc6 28. Ra4 e6 29. Rac4 Rc8 30. Nf2 Be7 31. h5 Bd8 32. Bd4 e5 33. Be3 Bg5 34.
Nd1 Bf4 35. R1c2 g6 36. Bf2 Rhg8 37. hxg6 fxg6 38. Nc3 Nd4 39. Nd5 Nxc2 40.
Nb6+ Ke6 41. Rxc8 Rxc8 42. Nxc8 Nd4 43. Bxd4 exd4 44. Nb6 h5 45. Nd5 Be3 0-1

[Event "Aeroflot Open 2015"]
[Site "Moscú RUS"]
[Date "2015.04.02"]
[Round "7.3"]
[White "Sasikiran, Krishnan"]
[Black "Svetushkin, Dmitry"]
[Result "1-0"]
[WhiteElo "2682"]
[BlackElo "2592"]
[PlyCount "99"]
[EventDate "2015.03.27"]
[EventType "swiss"]
[EventRounds "9"]
[EventCountry "RUS"]
[Source "lmi"]
[SourceDate "2015.03.27"]

1. Nf3 d5 2. g3 Nf6 3. Bg2 e6 4. O-O Be7 5. c4 O-O 6. d4 dxc4 7. Qc2 a6 8. a4
Bd7 9. Qxc4 Bc6 10. Bg5 Bd5 11. Qc2 Be4 12. Qc1 h6 13. Bxf6 Bxf6 14. Rd1 a5 15.
Nbd2 Bxf3 16. Bxf3 c6 17. Nc4 Nd7 18. Qd2 Be7 19. h4 Bb4 20. Qc2 Nb6 21. Ne5
Bd6 22. Nd3 Nd5 23. e4 Nb4 24. Qe2 Qe7 25. e5 Bc7 26. Nf4 Rad8 27. Qe4 Bb6 28.
Nh5 Nd5 29. Ra3 f6 30. Rb3 fxe5 31. dxe5 Qf7 32. Qg4 Kh8 33. Rxd5 Rxd5 34. Rxb6
Rxe5 35. Nf4 g5 36. Nd3 Rf5 37. Qd4+ Qf6 38. Qxf6+ R5xf6 39. Be4 gxh4 40. Rxb7
hxg3 41. fxg3 R6f7 42. Rb3 Rf1+ 43. Kg2 Rd1 44. Nf4 Kg8 45. Bxc6 Rc8 46. Bf3
Rd4 47. Bg4 Rc2+ 48. Kh3 Kf7 49. Bxe6+ Kf6 50. Rb6 1-0

[Event "Aeroflot Open 2015"]
[Site "Moscú RUS"]
[Date "2015.04.02"]
[Round "7.4"]
[White "Petrosian, Tigran L"]
[Black "Anton Guijarro, David"]
[Result "1/2-1/2"]
[WhiteElo "2671"]
[BlackElo "2614"]
[PlyCount "103"]
[EventDate "2015.03.27"]
[EventType "swiss"]
[EventRounds "9"]
[EventCountry "RUS"]
[Source "lmi"]
[SourceDate "2015.03.27"]

1. Nf3 f5 2. g3 Nf6 3. Bg2 g6 4. O-O Bg7 5. d4 O-O 6. c4 d6 7. Nc3 c6 8. Re1
Na6 9. b3 e5 10. dxe5 dxe5 11. e4 Nc5 12. Ba3 Qa5 13. Bxc5 Qxc5 14. Qd2 f4 15.
Rad1 fxg3 16. hxg3 Ng4 17. Re2 Bf6 18. Nh2 Be7 19. Na4 Qb4 20. Qxb4 Bxb4 21.
Nf3 h6 22. c5 Kg7 23. Ne1 Ba5 24. Nd3 Be6 25. f3 Rad8 26. Nab2 Bc3 27. Kh1 Rd4
28. Rc1 Bxb2 29. Nxb2 Nf6 30. Rd1 Rxd1+ 31. Nxd1 Rd8 32. Nb2 Rd4 33. Kh2 g5 34.
Bh3 g4 35. Bg2 Nd7 36. Rc2 h5 37. Kg1 Kf6 38. Kf1 gxf3 39. Bxf3 Bg4 40. Bg2 Ke6
41. Ke1 Kf6 42. a3 Kg5 43. b4 h4 44. gxh4+ Kxh4 45. Rc3 Nf6 46. Rd3 Rxd3 47.
Nxd3 Kg3 48. Bf1 Be6 49. Nxe5 Kf4 50. Nc4 Bxc4 51. Bxc4 Kxe4 52. Be6 1/2-1/2

[Event "Aeroflot Open 2015"]
[Site "Moscú RUS"]
[Date "2015.04.02"]
[Round "7.5"]
[White "Khairullin, Ildar"]
[Black "Mamedov, Rauf"]
[Result "1/2-1/2"]
[WhiteElo "2630"]
[BlackElo "2658"]
[PlyCount "45"]
[EventDate "2015.03.27"]
[EventType "swiss"]
[EventRounds "9"]
[EventCountry "RUS"]
[Source "lmi"]
[SourceDate "2015.03.27"]

1. d4 Nf6 2. c4 g6 3. Nc3 Bg7 4. e4 d6 5. Nf3 O-O 6. h3 e5 7. d5 Nh5 8. g3 Na6
9. Be3 Qe8 10. Be2 f5 11. exf5 gxf5 12. Nh4 Nf6 13. Qd2 Nc5 14. O-O-O a6 15. g4
b5 16. cxb5 axb5 17. Bxc5 dxc5 18. Bxb5 Qf7 19. Nxf5 Bxf5 20. gxf5 Qh5 21. Qc2
e4 22. Kb1 Qxf5 23. d6 1/2-1/2

[Event "Aeroflot Open 2015"]
[Site "Moscú RUS"]
[Date "2015.04.02"]
[Round "7.6"]
[White "Van Foreest, Jorden"]
[Black "Zvjaginsev, Vadim"]
[Result "1/2-1/2"]
[WhiteElo "2493"]
[BlackElo "2658"]
[PlyCount "103"]
[EventDate "2015.03.27"]
[EventType "swiss"]
[EventRounds "9"]
[EventCountry "RUS"]
[Source "lmi"]
[SourceDate "2015.03.27"]

1. e4 e6 2. d4 d5 3. Nd2 a6 4. Ngf3 c5 5. c3 cxd4 6. cxd4 dxe4 7. Nxe4 Bb4+ 8.
Nc3 Nf6 9. Bd3 O-O 10. O-O b5 11. Qe2 Bb7 12. Rd1 Nbd7 13. a4 bxa4 14. Nxa4 Qa5
15. Be3 Qh5 16. Ne5 Qh4 17. Nxd7 Nxd7 18. Nc5 Nxc5 19. dxc5 Bxc5 20. Bxc5 Qg5
21. Bxh7+ Kxh7 22. Qc2+ f5 23. f4 Qxf4 24. Bxf8 Rxf8 25. Qe2 Rf6 26. Ra3 Rh6
27. Rg3 Qc7 28. Qe3 Bd5 29. Rc1 Qe7 30. Qe5 Qf6 31. Qxf6 Rxf6 32. Rc7 Rg6 33.
Rd7 Rxg3 34. hxg3 Bb3 35. Rb7 Bc4 36. Rb6 a5 37. Kf2 Kg6 38. Ke3 Kf6 39. Kd4
Bf1 40. b3 Bxg2 41. Rb5 Bd5 42. Kc3 Kg5 43. Rxa5 Kg4 44. b4 g5 45. Kd2 Kxg3 46.
Rxd5 exd5 47. b5 f4 48. b6 f3 49. b7 f2 50. b8=Q+ Kg2 51. Qe5 f1=Q 52. Qxg5+
1/2-1/2

[Event "Aeroflot Open 2015"]
[Site "Moscú RUS"]
[Date "2015.04.02"]
[Round "7.7"]
[White "Kobalia, Mikhail"]
[Black "Lu, Shanglei"]
[Result "0-1"]
[WhiteElo "2632"]
[BlackElo "2570"]
[PlyCount "92"]
[EventDate "2015.03.27"]
[EventType "swiss"]
[EventRounds "9"]
[EventCountry "RUS"]
[Source "lmi"]
[SourceDate "2015.03.27"]

1. e4 c5 2. Nf3 d6 3. Bb5+ Nd7 4. O-O a6 5. Bd3 Ngf6 6. c3 e5 7. Bc2 b5 8. d4
Bb7 9. Qe2 Be7 10. dxe5 dxe5 11. Rd1 Qc7 12. c4 b4 13. Nbd2 O-O 14. Nf1 Rfd8
15. Bg5 h6 16. Bh4 a5 17. Ne3 a4 18. Nd5 Bxd5 19. exd5 Bd6 20. Bg3 Re8 21. Bf5
Nb6 22. Nd2 e4 23. Bxd6 Qxd6 24. Bh3 g6 25. g3 Re7 26. a3 b3 27. Nb1 Ne8 28.
Nc3 Qe5 29. d6 Nxd6 30. Nd5 Nxd5 31. Rxd5 Qf6 32. Rxc5 Qd4 33. Rc6 Rd8 34. Rd1
Nf5 35. Rxd4 Nxd4 36. Qe3 Nxc6 37. Qc5 Rd1+ 38. Kg2 e3 39. fxe3 Rd2+ 40. Kg1
Rxb2 41. Qxc6 Rc2 42. Bf1 b2 43. Qc5 Re6 44. Qc8+ Kg7 45. Qb8 Rxe3 46. Qf4 Re1
0-1

[Event "Aeroflot Open 2015"]
[Site "Moscú RUS"]
[Date "2015.04.02"]
[Round "7.12"]
[White "Fedoseev, Vladimir"]
[Black "Jumabayev, Rinat"]
[Result "1/2-1/2"]
[WhiteElo "2674"]
[BlackElo "2572"]
[PlyCount "157"]
[EventDate "2015.03.27"]
[EventType "swiss"]
[EventRounds "9"]
[EventCountry "RUS"]
[Source "lmi"]
[SourceDate "2015.03.27"]

1. e4 c5 2. Nf3 e6 3. d4 cxd4 4. Nxd4 Nc6 5. Nc3 Qc7 6. Be3 a6 7. Be2 Nf6 8.
O-O d6 9. f4 Be7 10. Qe1 O-O 11. Qg3 d5 12. e5 Nxd4 13. Bxd4 Bc5 14. Rad1 Bxd4+
15. Rxd4 Nd7 16. Qe3 Nb8 17. Rd2 Nc6 18. Bd3 Bd7 19. Qh3 g6 20. Rdf2 Qb6 21.
Nd1 f6 22. exf6 Rxf6 23. Ne3 Raf8 24. Kh1 R6f7 25. Ng4 Re7 26. c3 e5 27. f5 e4
28. f6 Ref7 29. Be2 Bxg4 30. Bxg4 Nd8 31. Qh4 Qd6 32. h3 Nc6 33. Qg5 Ne5 34.
Rf5 Nxg4 35. hxg4 e3 36. Rxd5 Qg3 37. Re5 e2 38. Rxe2 Qd3 39. Ref2 Qe4 40. a3
h6 41. Qf4 Qxf4 42. Rxf4 g5 43. Rb4 Re8 44. Rb6 Kh7 45. Kh2 Kg6 46. Kg3 h5 47.
gxh5+ Kxh5 48. Rd1 Re3+ 49. Kf2 Re5 50. Rdd6 Kh4 51. Rb4+ g4 52. g3+ Kg5 53.
Rf4 a5 54. c4 a4 55. Rd5 Rxd5 56. cxd5 Rxf6 57. Rxf6 Kxf6 58. Ke3 Ke5 59. d6
Kxd6 60. Kf4 Kd5 61. Kxg4 Kc4 62. Kf4 Kb3 63. g4 Kxb2 64. g5 Kxa3 65. g6 b5 66.
g7 b4 67. g8=Q b3 68. Qc4 b2 69. Qc5+ Ka2 70. Qc4+ Ka3 71. Qd3+ Ka2 72. Qc2 a3
73. Ke3 Ka1 74. Qc3 Ka2 75. Qc4+ Ka1 76. Qd4 Ka2 77. Qc4+ Ka1 78. Qc3 Ka2 79.
Qc4+ 1/2-1/2

[Event "Aeroflot Open 2015"]
[Site "Moscú RUS"]
[Date "2015.04.02"]
[Round "7.13"]
[White "Grigoriants, Sergey"]
[Black "Grachev, Boris"]
[Result "1/2-1/2"]
[WhiteElo "2573"]
[BlackElo "2673"]
[PlyCount "35"]
[EventDate "2015.03.27"]
[EventType "swiss"]
[EventRounds "9"]
[EventCountry "RUS"]
[Source "lmi"]
[SourceDate "2015.03.27"]

1. Nf3 d5 2. d4 Nf6 3. c4 e6 4. Nc3 Nbd7 5. Bf4 dxc4 6. e3 Nb6 7. Bxc4 Nxc4 8.
Qa4+ c6 9. Qxc4 Nd5 10. Be5 Qb6 11. O-O f6 12. Bg3 Qxb2 13. Ne4 Nb6 14. Qd3 Qb5
15. Qc2 Qa4 16. Qd3 Qb5 17. Qc2 Qa4 18. Qd3 1/2-1/2

[Event "Aeroflot Open 2015"]
[Site "Moscú RUS"]
[Date "2015.04.02"]
[Round "7.14"]
[White "Wagner, Dennis"]
[Black "Sjugirov, Sanan"]
[Result "1/2-1/2"]
[WhiteElo "2549"]
[BlackElo "2669"]
[PlyCount "95"]
[EventDate "2015.03.27"]
[EventType "swiss"]
[EventRounds "9"]
[EventCountry "RUS"]
[Source "lmi"]
[SourceDate "2015.03.27"]

1. d4 d5 2. c4 c6 3. Nf3 Nf6 4. Nc3 a6 5. g3 b5 6. c5 g6 7. Bg2 Bg7 8. O-O Nbd7
9. Bf4 Nh5 10. Bg5 h6 11. Bd2 O-O 12. a3 Nhf6 13. Qc2 Nb8 14. b4 Bf5 15. Qc1
Ne4 16. Be3 Nxc3 17. Qxc3 Be4 18. a4 Nd7 19. Bh3 Bxf3 20. exf3 Qc7 21. f4 Nf6
22. f5 g5 23. Ra3 Rfb8 24. axb5 axb5 25. Rfa1 Qc8 26. f3 Ne8 27. Kg2 Bf6 28. f4
Rxa3 29. Rxa3 Ra8 30. fxg5 Rxa3 31. Qxa3 hxg5 32. Qc1 Qa6 33. Bxg5 Qa2+ 34. Qd2
Qxd2+ 35. Bxd2 Bxd4 36. Kf3 Nf6 37. Bg2 Ne4 38. Ke2 Nxd2 39. Kxd2 Kg7 40. Kd3
Bg1 41. g4 Bxh2 42. g5 Kf8 43. Bh3 Bg3 44. Ke2 Bh4 45. g6 e5 46. f6 Bxf6 47.
Bd7 e4 48. Bxc6 1/2-1/2

[Event "Aeroflot Open 2015"]
[Site "Moscú RUS"]
[Date "2015.04.02"]
[Round "7.15"]
[White "Potkin, Vladimir"]
[Black "Motylev, Alexander"]
[Result "1/2-1/2"]
[WhiteElo "2605"]
[BlackElo "2653"]
[PlyCount "36"]
[EventDate "2015.03.27"]
[EventType "swiss"]
[EventRounds "9"]
[EventCountry "RUS"]
[Source "lmi"]
[SourceDate "2015.03.27"]

1. d4 d5 2. c4 c6 3. cxd5 cxd5 4. Bf4 Nf6 5. Nc3 Nc6 6. e3 Bg4 7. Qb3 Na5 8.
Qa4+ Bd7 9. Qd1 Bg4 10. f3 Bd7 11. Nb5 Rc8 12. Nxa7 Rc4 13. a4 Rb4 14. Bb5 Qb6
15. Qc2 Bc6 16. Nc8 Qd8 17. Na7 Qb6 18. Nc8 Qd8 1/2-1/2

[Event "Aeroflot Open 2015"]
[Site "Moscú RUS"]
[Date "2015.04.02"]
[Round "7.17"]
[White "Matlakov, Maxim"]
[Black "Mozharov, Mikhail"]
[Result "1/2-1/2"]
[WhiteElo "2693"]
[BlackElo "2555"]
[PlyCount "45"]
[EventDate "2015.03.27"]
[EventType "swiss"]
[EventRounds "9"]
[EventCountry "RUS"]
[Source "lmi"]
[SourceDate "2015.03.27"]

1. d4 d5 2. c4 c6 3. Nf3 Nf6 4. e3 e6 5. Bd3 Nbd7 6. O-O Bd6 7. Nc3 O-O 8. e4
dxe4 9. Nxe4 Nxe4 10. Bxe4 h6 11. Bc2 e5 12. b4 Re8 13. c5 Bc7 14. Re1 exd4 15.
Rxe8+ Qxe8 16. Bb2 Ne5 17. Qxd4 Nxf3+ 18. gxf3 f6 19. Qd3 Qh5 20. h4 Be6 21.
Bxf6 gxf6 22. Qh7+ Kf8 23. Qxc7 1/2-1/2

[Event "Aeroflot Open 2015"]
[Site "Moscú RUS"]
[Date "2015.04.02"]
[Round "7.18"]
[White "Kovalenko, Igor"]
[Black "Gabuzyan, Hovhannes"]
[Result "0-1"]
[WhiteElo "2661"]
[BlackElo "2553"]
[PlyCount "134"]
[EventDate "2015.03.27"]
[EventType "swiss"]
[EventRounds "9"]
[EventCountry "RUS"]
[Source "lmi"]
[SourceDate "2015.03.27"]

1. c4 c5 2. Nc3 g6 3. Nf3 Bg7 4. g3 Nc6 5. Bg2 e5 6. O-O d6 7. a3 a5 8. d3 Nge7
9. Rb1 O-O 10. Nd5 Nxd5 11. cxd5 Nd4 12. Nd2 Bg4 13. Re1 a4 14. h3 Bd7 15. e3
Nf5 16. Ne4 b5 17. b4 axb3 18. Qxb3 Qa5 19. Bb2 Qa6 20. Ra1 Ne7 21. f4 c4 22.
Qd1 f5 23. Ng5 Rfc8 24. dxc4 bxc4 25. Rc1 Rab8 26. Bc3 Rb3 27. Qd2 Rxc3 28.
Rxc3 e4 29. Rec1 Qa5 30. R3c2 Qxd2 31. Rxd2 c3 32. Rdd1 c2 33. Rd2 Ba4 34. Nxe4
Bb2 35. Rcxc2 Rxc2 36. Rxc2 Bxc2 37. Nxd6 Bb3 38. e4 Bxa3 39. Nb7 fxe4 40. d6
Bd5 41. dxe7 Bxe7 42. Na5 Bb4 43. Nb3 Bxb3 44. Bxe4 Kf7 45. Kg2 Bd6 46. Kf3 Kf6
47. Ke3 h6 48. h4 Bc5+ 49. Ke2 h5 50. Kf3 Be6 51. Kg2 Bf5 52. Bd5 Ke7 53. Bf3
Ke6 54. Bb7 Kd6 55. Bf3 Bb4 56. Kf2 Kc5 57. Bd1 Kd4 58. Be2 Bc5 59. Bd1 Kd3+
60. Kg2 Ke3 61. Ba4 Be4+ 62. Kh2 Kf2 63. Bb3 Be3 64. Ba4 g5 65. fxg5 Bd4 66.
Bd1 Be5 67. Bxh5 Bg2 0-1

[Event "Aeroflot Open 2015"]
[Site "Moscú RUS"]
[Date "2015.04.02"]
[Round "7.19"]
[White "Sethuraman, S.P."]
[Black "Ernst, Sipke"]
[Result "1-0"]
[WhiteElo "2623"]
[BlackElo "2530"]
[PlyCount "73"]
[EventDate "2015.03.27"]
[EventType "swiss"]
[EventRounds "9"]
[EventCountry "RUS"]
[Source "lmi"]
[SourceDate "2015.03.27"]

1. d4 d5 2. c4 c6 3. Nf3 Nf6 4. Nc3 dxc4 5. a4 e6 6. e4 Bb4 7. e5 Nd5 8. Bd2 b5
9. axb5 Bxc3 10. bxc3 cxb5 11. Ng5 Nc6 12. Qh5 Qe7 13. h4 Bd7 14. Rh3 h6 15.
Ne4 O-O 16. Bxh6 f5 17. Bg5 Qe8 18. Qxe8 Rfxe8 19. Nc5 Bc8 20. Be2 a5 21. h5
Kh7 22. g4 b4 23. gxf5 Nxc3 24. Bf3 Nxd4 25. Bxa8 Nc2+ 26. Kf1 Nxa1 27. Bc6 Rf8
28. fxe6 Nb3 29. Rxc3 Nxc5 30. e7 Rg8 31. Rf3 Bd7 32. Bd5 Ne6 33. Bxc4 Re8 34.
Rd3 Nxg5 35. Rxd7 Kh6 36. f4 Ne4 37. Bf7 1-0

[Event "Aeroflot Open 2015"]
[Site "Moscú RUS"]
[Date "2015.04.02"]
[Round "7.21"]
[White "Goganov, Aleksey"]
[Black "Bluebaum, Matthias"]
[Result "1/2-1/2"]
[WhiteElo "2598"]
[BlackElo "2576"]
[PlyCount "85"]
[EventDate "2015.03.27"]
[EventType "swiss"]
[EventRounds "9"]
[EventCountry "RUS"]
[Source "lmi"]
[SourceDate "2015.03.27"]

1. Nf3 d5 2. g3 Bg4 3. Bg2 e6 4. c4 c6 5. O-O Nf6 6. d3 Bd6 7. Qb3 Qc7 8. Nc3
Nbd7 9. cxd5 exd5 10. e4 dxe4 11. dxe4 O-O 12. Be3 Be6 13. Qc2 Ng4 14. Bd4 c5
15. Nb5 Qb6 16. Nxd6 cxd4 17. Nf5 Bxf5 18. exf5 Nge5 19. Qb3 Nc6 20. Rfd1 Rfd8
21. Rac1 Qxb3 22. axb3 Nb6 23. Ne1 Rac8 24. Nd3 Kf8 25. Nc5 Rc7 26. b4 Re7 27.
b5 Nb4 28. Nxb7 Rdd7 29. Nc5 Rd8 30. Nd3 Nxd3 31. Rxd3 Re5 32. Bc6 Rxf5 33.
Rcd1 Rc5 34. Rxd4 Rxd4 35. Rxd4 Ke7 36. Re4+ Kf6 37. Be8 Nd5 38. Ra4 Rc7 39.
Bc6 Ne7 40. Bf3 Nc8 41. Rf4+ Ke7 42. Bd5 Nd6 43. Rf3 1/2-1/2

[Event "Aeroflot Open 2015"]
[Site "Moscú RUS"]
[Date "2015.04.02"]
[Round "7.22"]
[White "Idani, Pouya"]
[Black "Bok, Benjamin"]
[Result "1/2-1/2"]
[WhiteElo "2496"]
[BlackElo "2587"]
[PlyCount "52"]
[EventDate "2015.03.27"]
[EventType "swiss"]
[EventRounds "9"]
[EventCountry "RUS"]
[Source "lmi"]
[SourceDate "2015.03.27"]

1. e4 c5 2. Nf3 e6 3. d4 cxd4 4. Nxd4 Nc6 5. Nc3 Qc7 6. Be3 a6 7. Be2 b5 8.
Nxc6 Qxc6 9. Bf3 Bb7 10. e5 Qc7 11. Bxb7 Qxb7 12. O-O Rc8 13. Qd3 f5 14. exf6
Nxf6 15. Bg5 Be7 16. Rfe1 b4 17. Bxf6 gxf6 18. Ne4 f5 19. Nd6+ Bxd6 20. Qxd6
Kf7 21. Rad1 Rxc2 22. Qxd7+ Qxd7 23. Rxd7+ Kf6 24. Rd6 Re8 25. Rxa6 Rxb2 26. g3
b3 1/2-1/2

[Event "Aeroflot Open 2015"]
[Site "Moscú RUS"]
[Date "2015.04.02"]
[Round "7.23"]
[White "Vidit, Santosh Gujrathi"]
[Black "Swayams, Mishra"]
[Result "1-0"]
[WhiteElo "2625"]
[BlackElo "2440"]
[PlyCount "81"]
[EventDate "2015.03.27"]
[EventType "swiss"]
[EventRounds "9"]
[EventCountry "RUS"]
[Source "lmi"]
[SourceDate "2015.03.27"]

1. d4 Nf6 2. c4 e6 3. Nf3 b6 4. a3 Bb7 5. Nc3 d5 6. cxd5 exd5 7. Bf4 Bd6 8.
Bxd6 Qxd6 9. Rc1 a6 10. e3 O-O 11. Be2 Nbd7 12. O-O c5 13. dxc5 bxc5 14. Qd2
Rfd8 15. b4 Rac8 16. bxc5 Nxc5 17. Nd4 Nfe4 18. Nxe4 Nxe4 19. Qb2 Rxc1 20. Rxc1
Qd7 21. Qb6 Rc8 22. Rb1 Nd2 23. Rd1 Nc4 24. Qb4 a5 25. Qc3 g6 26. h3 Qa4 27.
Ra1 Ba6 28. Bg4 Re8 29. h4 Ne5 30. Bh3 h5 31. Qc7 Bd3 32. Be6 fxe6 33. Qxe5 Qd7
34. Rc1 Bc4 35. Rb1 Qg7 36. Qg5 e5 37. Rb6 Bd3 38. Re6 Rb8 39. Re7 Rb1+ 40. Kh2
exd4 41. Qxd5+ 1-0

[Event "Aeroflot Open 2015"]
[Site "Moscú RUS"]
[Date "2015.04.02"]
[Round "7.24"]
[White "Svane, Rasmus"]
[Black "Savchenko, Boris"]
[Result "1-0"]
[WhiteElo "2509"]
[BlackElo "2581"]
[PlyCount "35"]
[EventDate "2015.03.27"]
[EventType "swiss"]
[EventRounds "9"]
[EventCountry "RUS"]
[Source "lmi"]
[SourceDate "2015.03.27"]

1. Nf3 d5 2. d4 c5 3. c4 dxc4 4. e3 cxd4 5. Bxc4 Qc7 6. Bb3 dxe3 7. Bxe3 Nc6 8.
O-O Nf6 9. Nc3 Bg4 10. h3 Bh5 11. g4 Bg6 12. Nb5 Qa5 13. Nfd4 Be4 14. Qe1 Qd8
15. Rd1 Qb8 16. Bg5 Qe5 17. f4 Qc5 18. Bxf6 1-0

[Event "Aeroflot Open 2015"]
[Site "Moscú RUS"]
[Date "2015.04.02"]
[Round "7.25"]
[White "Esen, Baris"]
[Black "Sanal, Vahap"]
[Result "1/2-1/2"]
[WhiteElo "2571"]
[BlackElo "2487"]
[PlyCount "158"]
[EventDate "2015.03.27"]
[EventType "swiss"]
[EventRounds "9"]
[EventCountry "RUS"]
[Source "lmi"]
[SourceDate "2015.03.27"]

1. Nf3 Nf6 2. c4 e6 3. Nc3 b6 4. g3 Bb7 5. Bg2 Be7 6. O-O O-O 7. Re1 c5 8. e4
d6 9. d4 cxd4 10. Nxd4 Qc7 11. b3 a6 12. a4 Nc6 13. Be3 Rac8 14. g4 Rfe8 15. g5
Nd7 16. Nde2 g6 17. f4 Bf8 18. Rf1 Nb4 19. Bd4 Nc6 20. Bf2 Nb4 21. h4 Nc5 22.
Rb1 d5 23. cxd5 exd5 24. exd5 Ncd3 25. Bd4 Bc5 26. Bxc5 Qxc5+ 27. Kh2 Nf2 28.
Qd2 Ng4+ 29. Kh1 Nf2+ 30. Kh2 Ng4+ 31. Kh1 Ne3 32. Ne4 Nxf1 33. Nf6+ Kh8 34.
Rxf1 Nxd5 35. Nxe8 Rxe8 36. Ng3 Ba8 37. Ne4 Qe3 38. Qb2+ Kg8 39. Nd6 Nxf4 40.
Rxf4 Qe1+ 41. Kh2 Re2 42. Nxf7 Qxh4+ 43. Rxh4 Rxb2 44. Nh6+ Kf8 45. Rg4 Bd5 46.
Kg1 Bxg2 47. Rxg2 Rxb3 48. Rf2+ Ke8 49. Rf6 Rb4 50. Kf2 Rxa4 51. Rxb6 Ra5 52.
Kf3 Rxg5 53. Rxa6 Ke7 54. Ra7+ Ke6 55. Kf4 Rg1 56. Rxh7 Rf1+ 57. Kg5 Ra1 58.
Rh8 Rg1+ 59. Ng4 Ra1 60. Kxg6 Rg1 61. Re8+ Kd5 62. Kg5 Kd6 63. Kf5 Rf1+ 64. Ke4
Ra1 65. Ne3 Ra4+ 66. Kf5 Ra1 67. Kf6 Rh1 68. Nf5+ Kd5 69. Rd8+ Kc4 70. Ne3+ Kc3
71. Ke5 Rh5+ 72. Nf5 Rh1 73. Ke4 Re1+ 74. Ne3 Rh1 75. Rc8+ Kb4 76. Nd5+ Kb5 77.
Nc3+ Kb6 78. Kd3 Rh3+ 79. Kd4 Rh4+ 1/2-1/2

[Event "Aeroflot Open 2015"]
[Site "Moscú RUS"]
[Date "2015.04.02"]
[Round "7.26"]
[White "Yilmaz, Mustafa"]
[Black "Vishnu, Prasanna. V"]
[Result "1/2-1/2"]
[WhiteElo "2570"]
[BlackElo "2477"]
[PlyCount "54"]
[EventDate "2015.03.27"]
[EventType "swiss"]
[EventRounds "9"]
[EventCountry "RUS"]
[Source "lmi"]
[SourceDate "2015.03.27"]

1. d4 Nf6 2. c4 e6 3. Nf3 d5 4. Nc3 Bb4 5. Qb3 c5 6. dxc5 Nc6 7. Bg5 Qa5 8.
Bxf6 dxc4 9. Qxc4 gxf6 10. Rc1 Qxc5 11. Qh4 Ke7 12. g3 Bxc3+ 13. bxc3 b6 14.
Bg2 Ba6 15. Nd2 Rac8 16. Ne4 Qe5 17. O-O h5 18. Rfe1 Rhd8 19. f4 Qf5 20. Bf3
Na5 21. Qxh5 Qxh5 22. Bxh5 Bb7 23. Bf3 Rc4 24. Nf2 Bxf3 25. exf3 Rd2 26. f5
Rxa2 27. Re3 Nb3 1/2-1/2

[Event "Aeroflot Open 2015"]
[Site "Moscú RUS"]
[Date "2015.04.02"]
[Round "7.27"]
[White "Tabatabaei, M.Amin"]
[Black "Kotronias, Vasilios"]
[Result "1-0"]
[WhiteElo "2448"]
[BlackElo "2565"]
[PlyCount "67"]
[EventDate "2015.03.27"]
[EventType "swiss"]
[EventRounds "9"]
[EventCountry "RUS"]
[Source "lmi"]
[SourceDate "2015.03.27"]

1. e4 c5 2. Nf3 Nc6 3. Bb5 d6 4. O-O Bd7 5. Re1 Nf6 6. c3 a6 7. Bf1 Bg4 8. h3
Bxf3 9. Qxf3 e6 10. Qd1 d5 11. e5 Nd7 12. f4 Qh4 13. d3 g5 14. fxg5 Ndxe5 15.
Be3 h6 16. d4 Ng4 17. hxg4 Bd6 18. Be2 cxd4 19. cxd4 Qg3 20. Bf3 hxg5 21. Kf1
O-O-O 22. Nc3 Rh2 23. Qd2 Bf4 24. Qf2 Nb4 25. Qxg3 Bxg3 26. Rec1 Kb8 27. Bxg5
Re8 28. Bf6 Nd3 29. Rd1 Nxb2 30. Rdb1 Nc4 31. Ke2 e5 32. Bxd5 exd4+ 33. Ne4 Nd6
34. Kf3 1-0